The catalog of kits /

Bibliographic Details
Main Author: Feinman, Jeffrey
Format: Book
Language:English
Published: New York : Morrow, 1975.
Subjects:

MARC

Tag First Indicator Second Indicator Subfields
LEADER 00000pam a2200000 i 4500
001 in00000095232
005 20150927110659.0
008 750414s1975 nyua cr 00110 eng
010 |a  75012590  
020 |a 0688052835 
035 |a (OCoLC)01339689 
035 |9 AAL7114AM 
040 |a DLC  |c DLC  |d TXA  |d UtOrBLW 
043 |a n-us--- 
049 |a TXAM  |c [1152130] 
050 0 0 |a TT12  |b .F44 
082 0 |a 745.5/025/73 
100 1 |a Feinman, Jeffrey. 
245 1 4 |a The catalog of kits /  |c by Jeffrey Feinman. 
264 1 |a New York :  |b Morrow,  |c 1975. 
300 |a 251 pages :  |b illustrations ;  |c 29 cm. 
336 |a text  |b txt  |2 rdacontent 
337 |a unmediated  |b n  |2 rdamedia 
338 |a volume  |b nc  |2 rdacarrier 
500 |a Includes index. 
650 0 |a Handicraft  |z United States  |x Directories. 
650 0 |a Handicraft  |z United States  |x Catalogs. 
999 |a MARS 
999 f f |s 89594174-3c5e-3e79-8886-73a4af112040  |i fd2e7017-9ba0-3b0d-b9ed-91977dabaab8  |t 0 
952 f f |p ric  |a Texas A&M University  |b Rellis Campus  |c Joint Library Facility  |d Remote Storage  |t 0  |e TT12 .F44  |h Library of Congress classification  |i unmediated -- volume  |m A14805655297 
998 f f |a TT12 .F44  |t 0  |l Remote Storage